| 000 | 01226cam a2200145 4500500 | ||
|---|---|---|---|
| 005 | 20260405022024.0 | ||
| 041 | _afre | ||
| 042 | _adc | ||
| 100 | 1 | 0 |
_aPardo, Madeleine _eauthor |
| 700 | 1 | 0 |
_aPardo, Arcadio _eauthor |
| 245 | 0 | 0 | _aPrécis de métrique espagnole |
| 260 |
_bArmand Colin,
_c2010. |
||
| 520 | _aLa métrique espagnole présente des caractéristiques spécifiques bien différentes des règles françaises. Pour aider les étudiants dans cet apprentissage, cet ouvrage donne les instruments indispensables à une approche rigoureuse et active des textes poétiques espagnols. Dans un souci de clarté, l’exposé de ces règles est limité à l’essentiel, tout en accordant une place particulière à l’analyse du rythme, élément fondamental en espagnol. Seule une bonne connaissance des principes constitutifs du vers (mètre, rythme et rime) peut permettre l’analyse de ces combinaisons de vers que sont la strophe et le poème. Une nouvelle édition mise à jour qui sera particulièrement utile aux étudiants en LLCE et aux candidats aux concours de l’enseignement. | ||
| 856 | 4 | 1 | _uhttps://shs.cairn.info/precis-de-metrique-espagnole--9782200246310?lang=fr&redirect-ssocas=7080 |
| 999 |
_c2128967 _d2128967 |
||